000 00387nam a22001697a 4500
005 20160620165002.0
008 160620b xxu||||| |||| 00| 0 eng d
020 _a81-7544-144-5
041 _aeng
082 _b8608
100 _aGopalswamy. T.P
_92350
245 _aRural marketing
260 _bWheelar Publicing
_c1998
300 _a162
650 _aManagement
_9241
942 _cBK
999 _c3323
_d3322